South Eastern Kenya University

Library Online Public Access Catalogue


Managerial accounting / (Record no. 5139)

MARC details
000 -LEADER
fixed length control field 00673cam a2200205 a 4500
020 ## - ISBN
International Standard Book Number 0470038152 (cdrom)
020 ## - ISBN
International Standard Book Number 9780470038154 (cdrom)
050 00 - LIBRARY OF CONGRESS CALL NUMBER
Classification Number HF 5657.4
Item Number .J53 2007
100 1# - MAIN ENTRY--Author
Personal name Jiambalvo, James,
Dates associated with a name 1948-
245 10 - TITLE
Title Managerial accounting /
Statement of responsibility, etc James Jiambalvo.
250 ## - EDITIONSTATEMENT
Edition statement 3rd ed.
260 ## - PUBLICATION, DISTRIBUTION, ETC.(IMPRINT)
Place of publication, distribution, etc Hoboken, NJ :
Name of publisher, distributor, etc Wiley,
Date of publication, distribution, etc c2007.
300 ## - PHYSICAL DESCRIPTION
Extent 594 p. :
500 ## - GENERALNOTE
General note Includes index.
650 #0 - SUBJECT--TOPIC
Topical term following geographic name as entry element Accounting.
856 41 - URL/ELECTRONIC LOCATION AND ACCESS
Uniform Resource Identifier <a href="http://www.loc.gov/catdir/toc/ecip072/2006032782.html">http://www.loc.gov/catdir/toc/ecip072/2006032782.html</a>
856 42 - URL/ELECTRONIC LOCATION AND ACCESS
Uniform Resource Identifier <a href="http://www.loc.gov/catdir/enhancements/fy0814/2006032782-b.html">http://www.loc.gov/catdir/enhancements/fy0814/2006032782-b.html</a>
856 42 - URL/ELECTRONIC LOCATION AND ACCESS
Uniform Resource Identifier <a href="http://www.loc.gov/catdir/enhancements/fy0814/2006032782-d.html">http://www.loc.gov/catdir/enhancements/fy0814/2006032782-d.html</a>
942 ## - ADDED ENTRY ELEMENTS(KOHA)
Source of classification or shelving scheme Library of Congress Classification
Koha item type General circulation
Holdings
Source of classification or shelving scheme Not for loan Location (home branch) Sublocation (holding branch) Shelving location Date accessioned Full call number Barcode Koha item type Public note
Library of Congress Classification   Main Campus Library Main Campus Library   03/07/2015 HF 5657.4 .J53 2007 2015/001860 General circulation smo
Kitui, Kenya.
+254736116989
library@seku.ac.ke